01008 2200325 4500001002100000005001500021035002500036007000300061008004100064020002200105040001700127041000800144082001500152084001700167090002100184090002100205100003900226245013700265250001100402260004900413300003600462504002700498650001500525700003500540700002600575700002700601850001200628999002100640990002100661INLIS00000000003102620190924095536 a0010-091700000000394ta170919s2017 yoia g 0 ind d a978-602-0818-55-9 aYOPDYOGbind0 aind04223a625.26 a625.26 Yog K aDEP 625.26 Yog K aCB-D.11 2017-7130 aYoga Bagus Prayogod1995-epenulis1 aKereta api di Indonesia :bsejarah lokomotif uap /cYoga Bagus Prayogo, Yohanes Sapto Prabowo, Diaz Radityo ; editor, Teguh Prastowo aCet. 1 aYogyakarta :bJogja Bangkit Publisher,c2017 axi, 146 hlm. :bilus. ;c25 cm. aBibliografi : hlm. 145 4aKereta api0 aYohanes Sapto Prabowogpenulis0 aDiaz Radityogpenulis0 aTeguh Prastowogeditor aYOPDYOG aCB-D.11/2017-713 aCB-D.11/2017-713